Obstetric and gynaecological ultrasound made easy / (رقم التسجيلة. 24277)
[ عرض عادي ]
| 000 -الفاتح | |
|---|---|
| حقل البيانات ثابتة الطول | 00860nam a22002417a 4500 |
| 003 - محدد رقم الضبط | |
| رقم الضبط | OSt |
| 005 - وقت وتاريخ اخر تعامل مع التسجيلة | |
| رقم الضبط | 20150408114047.0 |
| 008 - عناصر البيانات ثابتة الطول - معلومات عامة | |
| حقل البيانات ثابتة الطول | 120624s2006 stka f b 00| 0 eng d |
| 020 ## - الرقم الدولى المعيارى للكتب | |
| الرقم الدولى المعيارى للكتاب | 9780443100567 |
| 020 ## - الرقم الدولى المعيارى للكتب | |
| الرقم الدولى المعيارى للكتاب | 044310056X |
| 040 ## - مصدر الفهرسة | |
| وكالة النسخ | MU |
| 082 04 - رقم تصنيف ديوى العشرى | |
| رقم الطبعة | 21 |
| رقم التصنيف | 618.207543 |
| رقم المادة | S N O |
| 100 1# - المدخل الرئيسى - إسم شخصى | |
| الإسم الشخصى | Smith, N. C. |
| الشكل الأكمل للاسم | (Norman Charles) |
| 9 (RLIN) | 16327 |
| 245 ## - بيان العنوان | |
| العنوان | Obstetric and gynaecological ultrasound made easy / |
| بيان المسئوليه,etc | Norman C. Smith and A. Pat M. Smith. |
| 250 ## - بيان الطبعة | |
| بيان الطبعة | 2nd ed. |
| 260 ## - PUBLICATION, DISTRIBUTION, ETC. (IMPRINT) | |
| مكان الناشر او الموزع | Edinburgh : |
| اسم الناشر او الموزع | Elsevier Churchill Livingstone, |
| تاريخ النشر أو التوزيع | 2006. |
| 300 ## - الوصف المادى | |
| التعداد | ix, 274 p. : |
| تفاصيل ماديه اخرى للوعاء | ill. ; |
| أبعاد الوعاء | 19 cm. |
| 500 ## - تبصرة عامة | |
| تبصرة عامة | Previous ed. published as: Obstetric ultrasound made easy. Edinburgh : Churchill Livingstone, 2001. |
| 504 ## - تبصرة ببليوجرافية | |
| تبصرة ببليوجرافية,الخ | Includes bibliographical references and index. |
| 650 #4 - المدخل الاضافى بالموضوع-مصطلح موضوعى | |
| مصطلح موضوعي أو اسم جغرافي كعنصر مدخل | Ultrasonics in obstetrics. |
| 9 (RLIN) | 10931 |
| 700 1# - المدخل الاضافى - اسم شخصى | |
| الإسم الشخصى | Smith, A. Pat M. |
| 9 (RLIN) | 16326 |
| 942 ## - عناصر المدخل الإضافي( كوها) | |
| مصدر التصنيف او مخطط الترفيف | Dewey Decimal Classification |
| Koha [default] item type | DVD |
| حالة الفقد | نموذج السعر الفعال | حالة تلف | ليس للاعارة | رقم الطلب | رقم النسخة | تاريخ الاكتساب | الموقع الحالي | الباركود | الفرع الرئيسي | Date last seen | نوع المادة فى نظام كوها | مصدر التصنيف او خطة الترفيف | Total Checkouts | Date last checked out |
|---|---|---|---|---|---|---|---|---|---|---|---|---|---|---|
| 2013-03-10 | 618.207543 S N O | c.1 | 2012-06-24 | المكتبة المركزية بالمجمعة (CL) | 00109579 | المكتبة المركزية بالمجمعة (CL) | 2013-03-10 | كتاب | Dewey Decimal Classification | |||||
| 2013-03-10 | 618.207543 S N O | c.3 | 2012-06-24 | المكتبة المركزية بالمجمعة (CL) | 00109581 | المكتبة المركزية بالمجمعة (CL) | 2013-03-10 | كتاب | Dewey Decimal Classification | |||||
| 2013-03-10 | 618.207543 S N O | c.2 | 2012-06-24 | مكتبة كلية التربية بالزلفى - طالبات (EZF) | 00109580 | المكتبة المركزية بالمجمعة (CL) | 2016-06-16 | كتاب | Dewey Decimal Classification | 1 | 2015-09-16 |
